Tabulky pro práci s disky /

Hlavní autor: Nováková, Marie
Jazyk: Čeština
Vydáno: Praha : Kancelářské stroje, 1976
Vydání: 1. vydání
Edice: Jednotný systém elektronických počítačů. Školní řada
Témata:
Fyzický popis: 37 stran ; 8°
Knihy
Uloženo v:
LEADER 01252nam a22003732i 4500
001 001568714
003 CZ BrMZK
005 20170515140248.0
007 ta
008 170316s1976 xr er|||||||||||cze d
015 |a cnb000473123 
035 |a (OCoLC)42109161 
040 |a ABA001  |b cze  |c KLG001  |d ABA001  |d BOA001  |e rda 
072 7 |a 004.3  |x Počítače. Hardware  |2 Konspekt  |9 23 
080 |a 004.083.7  |2 MRF 
080 |a (083.4)  |2 MRF 
100 1 |a Nováková, Marie  |7 jx20080911035  |4 aut 
245 1 0 |a Tabulky pro práci s disky /  |c Marie Nováková 
250 |a 1. vydání 
264 1 |a Praha :  |b Kancelářské stroje,  |c 1976 
300 |a 37 stran ;  |c 8° 
336 |a text  |b txt  |2 rdacontent 
337 |a bez média  |b n  |2 rdamedia 
338 |a svazek  |b nc  |2 rdacarrier 
490 1 |a Jednotný systém elektronických počítačů. Školní řada 
500 |a 910 výt. 
504 |a Obsahuje bibliografii 
650 0 7 |a disková paměť  |7 ph316230  |2 czenas 
655 7 |a tabulky  |7 fd133666  |2 czenas 
830 0 |a Jednotný systém elektronických počítačů.  |p Školní řada 
910 |a BOA001  |b X-0760.089 
990 |a BK 
991 |b 201703 
996 6 |b 2619191033  |c X-0760.089  |l MZK  |r Sklad / do 24 hodin  |n 0  |w 001604077  |u 000010  |a 1  |e BOA001  |j MZK50  |s P